Statistiques concernant Villes les plus peuplées du monde commençant par R

Cliquez ici pour prendre le quiz!

Statistiques générales

  • Ce quiz a été pris 140 fois
    (91 depuis la dernière actualisation)
  • Le résultat moyen est 6 sur 10

Statistiques - réponses

PaysVilles% Correct
ItalieRome
99%
Pays-BasRotterdam
95%
BrésilRio de Janeiro
93%
MarocRabat
92%
Arabie SaouditeRiyad
85%
BrésilRecife
54%
RussieRostov-sur-le-Don
42%
États-UnisRichmond
18%
IndeRajkot
8%
ChineRongcheng
1%

Distribution des résultats

Percentile par nombre de réponses

% des personnes avec chaque résultat

Votre développement - résultats

Vous n’avez pas pris ce quiz depuis la dernière actualisation